000 00820nam a2200229 i 4500
001 85974
003 ES-MaACL
005 20250822041624.0
007 t|
008 041203s1967 sp ||||1| spa d
100 1 _aKahn, Jack H.
_967423
245 1 0 _aPsico-biología evolutiva
_b: psicología de las etapas vitales : crecimiento humano y desarrollo de la personalidad /
_cJack H. Kahn ; [versión española por Gonzalo Gonzalvo Mainar].
250 _a1ª ed.
260 _aMadrid :
_bMorata,
_c1967.
300 _a304 p. ;
_c22 cm.
490 1 _aFilosofía, psicología, pedagogía
650 0 7 _aPsicología evolutiva
_2embne
_916563
700 1 _aGonzalvo Mainar, Gonzalo.
_9181407
830 1 0 _aFilosofía, psicología, pedagogía
_9181408
852 _aES-MaACL
_jC-33042
999 _c85974
_d85974